[Event "Manitoba Closed"]
[Site "Winnipeg CAN"]
[Date "2023.08.27"]
[Round "4.3"]
[White "Anderson, Collin"]
[Black "Bonness, Will"]
[Result "1-0"]
[WhiteElo "2011"]
[BlackElo "1863"]
[PlyCount "93"]
[EventDate "2023.08.25"]
[EventType "swiss"]
[EventRounds "5"]
[EventCountry "CAN"]

1. e4 d5 2. exd5 Qxd5 3. Nc3 Qd8 4. d4 Nf6 5. Nf3 Bg4 6. h3 Bxf3 7. Qxf3 c6 8.
Bd2 e6 9. O-O-O Bb4 10. Ne4 Bxd2+ 11. Rxd2 Nxe4 12. Qxe4 Qd5 13. Qxd5 cxd5 14.
c4 dxc4 15. Bxc4 Nd7 16. d5 Rc8 17. Rc2 e5 18. Re1 a6 19. d6 O-O 20. f4 Rc5 21.
b4 Rc6 22. fxe5 Rfc8 23. Bb3 Rxc2+ 24. Bxc2 Rc4 25. a3 Kf8 26. Kb2 g6 27. Bb3
Rc6 28. Bd5 Rb6 29. Kc3 f6 30. e6 Ne5 31. d7 Ke7 32. Rd1 Rd6 33. Rd4 b6 34. Bb7
Rxd4 35. Kxd4 a5 36. bxa5 bxa5 37. a4 g5 38. Kc5 Nd3+ 39. Kb6 Nf4 40. Kxa5 Nxe6
41. Bc6 Kd6 42. Kb6 Nd8 43. Bb5 Ke7 44. a5 Ne6 45. a6 Kd8 46. a7 Nc7 47. Bc6
1-0

[Event "Manitoba Closed"]
[Site "Winnipeg CAN"]
[Date "2023.08.27"]
[Round "4.4"]
[White "Kwiatek, Jordan"]
[Black "Abioye, Yemi"]
[Result "1-0"]
[WhiteElo "1886"]
[BlackElo "2050"]
[PlyCount "37"]
[EventDate "2023.08.25"]
[EventType "swiss"]
[EventRounds "5"]
[EventCountry "CAN"]

1. d4 d5 2. Bg5 Nf6 3. Bxf6 gxf6 4. e3 e5 5. Ne2 Qd6 6. g3 e4 7. Bg2 c6 8. O-O
h5 9. h4 Bg4 10. c4 Nd7 11. cxd5 cxd5 12. Nbc3 a6 13. Qb3 Bxe2 14. Nxe2 Qb6 15.
Rfc1 Qb4 16. Qxb4 Bxb4 17. b3 Ba3 18. Rc7 Rb8 19. Bh3 {Score sheets unclear}
1-0

[Event "Manitoba Closed"]
[Site "Winnipeg CAN"]
[Date "2023.08.26"]
[Round "4.5"]
[White "Klokow, John"]
[Black "Wolchock, Theo"]
[Result "0-1"]
[WhiteElo "1618"]
[BlackElo "2227"]
[PlyCount "68"]
[EventDate "2023.08.25"]
[EventType "swiss"]
[EventRounds "5"]
[EventCountry "CAN"]

1. e4 c5 2. Nf3 Nc6 3. d4 cxd4 4. Nxd4 e5 5. Nb5 d6 6. c4 Be6 7. N1c3 a6 8. Na3
g6 9. Be3 Bg7 10. Be2 Nf6 11. O-O O-O 12. Nc2 Rc8 13. b3 b5 14. cxb5 axb5 15.
Nxb5 Qa5 16. f3 d5 17. Qd2 Qxd2 18. Bxd2 dxe4 19. Rac1 exf3 20. Bxf3 e4 21. Be2
Nd5 22. Bc4 Ne5 23. Bxd5 Bxd5 24. Ne3 Be6 25. Rxc8 Rxc8 26. Rc1 Rxc1+ 27. Bxc1
Nd3 28. Bd2 f5 29. Kf1 f4 30. Nc4 e3 31. Ba5 Bg4 32. a4 Bd1 33. Nb6 e2+ 34. Kg1
Bxb3 0-1

[Event "Manitoba Closed"]
[Site "Winnipeg CAN"]
[Date "2023.08.27"]
[Round "4.6"]
[White "Currie, James"]
[Black "Babb, Jeff"]
[Result "1/2-1/2"]
[WhiteElo "1914"]
[BlackElo "2129"]
[PlyCount "136"]
[EventDate "2023.08.25"]
[EventType "swiss"]
[EventRounds "5"]
[EventCountry "CAN"]

1. e4 d6 2. Nf3 Nf6 3. d3 g6 4. g3 Bg7 5. Bg2 c5 6. O-O Nc6 7. c3 O-O 8. Nbd2
Rb8 9. a4 a6 10. Nc4 b5 11. e5 bxc4 12. exf6 Bxf6 13. dxc4 Na5 14. Nd2 Bb7 15.
Rb1 Bxg2 16. Kxg2 Qc8 17. Qf3 Nb3 18. Ne4 Bg7 19. h4 Nxc1 20. Rfxc1 a5 21. h5
Qf5 22. g4 Qxf3+ 23. Kxf3 f5 24. Ng3 fxg4+ 25. Kg2 Rf4 26. hxg6 hxg6 27. Re1
Rxc4 28. Rxe7 Rxa4 29. Rbe1 Be5 30. Ne4 Rxb2 31. Nxc5 Raa2 32. Nd3 Re2 33. Rb1
Bg7 34. Rb8+ Bf8 35. Rd7 Re6 36. Kg3 Rf6 37. Kxg4 Rd2 38. Kg5 Rf7 39. Rxd6 Kh7
40. Rxf8 Rxf8 41. Rd7+ Kg8 42. Kxg6 Rb8 43. Rg7+ Kf8 44. Rf7+ Ke8 45. Kg7 Rb5
46. Rf8+ Ke7 47. Rf7+ Kd8 48. c4 Rb1 49. Ne5 Rg1+ 50. Kf8 Kc8 51. Nc6 Rg6 52.
Ne7+ Kb8 53. Nxg6 a4 54. Rf3 Kc7 55. Ne5 a3 56. Rf7+ Kb6 57. Rf3 a2 58. Ra3
Rxf2+ 59. Ke7 Re2 60. Kd6 Rd2+ 61. Ke6 Kc5 62. Ra4 Re2 63. Kf5 Kd4 64. Nf3+ Kc3
65. c5 Kb2 66. Nd4 Rf2+ 67. Ke6 a1=Q 68. Rxa1 Kxa1 1/2-1/2

[Event "Manitoba Closed"]
[Site "Winnipeg CAN"]
[Date "2023.08.27"]
[Round "4.7"]
[White "Vaughan, Nathan"]
[Black "Atem, James"]
[Result "1-0"]
[WhiteElo "1963"]
[BlackElo "1798"]
[PlyCount "99"]
[EventDate "2023.08.25"]
[EventType "swiss"]
[EventRounds "5"]
[EventCountry "CAN"]

1. e4 c5 2. Nf3 Nc6 3. d4 e6 4. d5 Nb4 5. a3 Na6 6. d6 f6 7. Nh4 g6 8. Bc4 Qb6
9. Nc3 Qxd6 10. Qe2 Nc7 11. Bd2 a6 12. a4 Qb6 13. O-O-O Ne7 14. f4 Bg7 15. f5
Qc6 16. Kb1 b5 17. axb5 axb5 18. Bxb5 Nxb5 19. Qxb5 Ba6 20. Qxc6 dxc6 21. fxe6
Bc4 22. Be3 Bxe6 23. Bxc5 Kf7 24. Nf3 Ra6 25. Ba3 Rb8 26. Ka1 h6 27. Rd4 c5 28.
Ra4 Rba8 29. Rxa6 Rxa6 30. Kb1 c4 31. Rf1 Nc6 32. Nd5 Bg4 33. Nd2 Ne5 34. h3
Bd7 35. Bb4 Kg8 36. Bc3 h5 37. Bxe5 fxe5 38. Rf3 Bb5 39. Nc7 Rb6 40. Nxb5 Rxb5
41. Nxc4 Rc5 42. Ne3 Bh6 43. Nd5 Kg7 44. b3 Bd2 45. Kb2 Rxd5 46. exd5 e4 47.
Rf2 e3 48. Re2 Kf6 49. c4 Ke5 50. Rxd2 1-0

[Event "Manitoba Closed"]
[Site "Winnipeg CAN"]
[Date "2023.08.27"]
[Round "5.1"]
[White "Kwiatek, Jordan"]
[Black "Jodar, Marlon"]
[Result "0-1"]
[WhiteElo "1886"]
[BlackElo "2309"]
[PlyCount "108"]
[EventDate "2023.08.25"]
[EventType "swiss"]
[EventRounds "5"]
[EventCountry "CAN"]

1. d4 Nf6 2. Bg5 d5 3. Bxf6 exf6 4. e3 Bd6 5. g3 O-O 6. Bg2 c6 7. Ne2 Nd7 8.
O-O f5 9. Nd2 Nf6 10. c4 Be6 11. b3 Ne4 12. Rc1 Qd7 13. cxd5 cxd5 14. Nf4 Rac8
15. Nxe4 fxe4 16. Qd2 Bxf4 17. exf4 Qb5 18. Qe3 Qa5 19. a4 Qb4 20. h3 f5 21. f3
Bd7 22. fxe4 fxe4 23. g4 b5 24. axb5 Bxb5 25. Rfd1 Rxc1 26. Rxc1 Bd3 27. f5
Qxb3 28. Rc7 Qb1+ 29. Kf2 Qb2+ 30. Kg1 a5 31. f6 Qb1+ 32. Rc1 Qb7 33. fxg7 Rc8
34. Rxc8+ Qxc8 35. Qg5 Qd7 36. Qf6 Qf7 37. Qd8+ Kxg7 38. Qg5+ Kf8 39. Qd8+ Kg7
40. Qxa5 Bc4 41. Qd8 Qf6 42. Qd7+ Kh6 43. h4 Qxh4 44. Qe6+ Kg7 45. Qd7+ Kf8 46.
Qf5+ Ke8 47. Qe6+ Qe7 48. Qc8+ Kf7 49. Qf5+ Kg7 50. g5 e3 51. g6 e2 52. gxh7
e1=Q+ 53. Kh2 Q7h4+ 54. Bh3 Qhf2+ 0-1

[Event "Manitoba Closed"]
[Site "Winnipeg CAN"]
[Date "2023.08.27"]
[Round "5.2"]
[White "Anderson, Collin"]
[Black "Baron, Gustav"]
[Result "1-0"]
[WhiteElo "2011"]
[BlackElo "2051"]
[PlyCount "81"]
[EventDate "2023.08.25"]
[EventType "swiss"]
[EventRounds "5"]
[EventCountry "CAN"]

1. e4 Nf6 2. e5 Nd5 3. d4 d6 4. Nf3 g6 5. c4 Nb6 6. Be2 Bg7 7. O-O O-O 8. Nc3
Nc6 9. exd6 cxd6 10. Bg5 Bg4 11. c5 dxc5 12. dxc5 Nd7 13. Rc1 Nxc5 14. Nd5 Ne6
15. Rxc6 Nxg5 16. Rc7 Nxf3+ 17. Bxf3 Bxf3 18. Qxf3 e6 19. Ne7+ Kh8 20. Rxb7 Qa5
21. a3 a6 22. h3 Qd2 23. Rd1 Qc2 24. b4 Rad8 25. Rxd8 Rxd8 26. Qxf7 Be5 27. g3
Qb1+ 28. Kg2 Qe4+ 29. Qf3 Qxf3+ 30. Kxf3 Bf6 31. a4 Rd3+ 32. Ke2 Ra3 33. a5 Bd4
34. Nc6 Ra2+ 35. Kd3 Bxf2 36. Nb8 Bxg3 37. Nxa6 Be1 38. Kc4 Rc2+ 39. Kb5 e5 40.
Nc5 Ra2 41. a6 1-0

[Event "Manitoba Closed"]
[Site "Winnipeg CAN"]
[Date "2023.08.27"]
[Round "5.3"]
[White "Bonness, Will"]
[Black "Zaczek, Jonathon"]
[Result "1/2-1/2"]
[WhiteElo "1853"]
[BlackElo "2278"]
[PlyCount "103"]
[EventDate "2023.08.25"]
[EventType "swiss"]
[EventRounds "5"]
[EventCountry "CAN"]

1. e4 c5 2. Nf3 d6 3. Bb5+ Nd7 4. c3 Ngf6 5. Qe2 a6 6. Ba4 b5 7. Bc2 Bb7 8. d4
g6 9. O-O Bg7 10. Bg5 Qc7 11. e5 Nd5 12. exd6 Qxd6 13. dxc5 Qxc5 14. Nbd2 O-O
15. Rfe1 e6 16. a3 N7f6 17. Rad1 Rfd8 18. Ne4 Qc7 19. Nxf6+ Nxf6 20. Nd2 Rd5
21. Bh4 Rad8 22. f3 h6 23. Bg3 Qd7 24. Nb3 Nh5 25. Rxd5 Bxd5 26. Bf2 Nf4 27.
Qe3 e5 28. Nc5 Qc6 29. Rd1 Re8 30. Be4 Bxe4 31. Qxe4 Qc8 32. Qb7 Qxb7 33. Nxb7
Ne6 34. Rd6 Ra8 35. Nc5 Nxc5 36. Bxc5 Bf8 37. Rd5 Bxc5+ 38. Rxc5 Re8 39. Kf2
Re6 40. c4 bxc4 41. Rxc4 Kg7 42. Ke3 f5 43. g3 Kf6 44. b4 Rd6 45. a4 Ke6 46.
Rc5 Rb6 47. Ra5 Rxb4 48. Rxa6+ Kd5 49. Ra5+ Ke6 50. Ra6+ Kd5 51. Ra5+ Ke6 52.
Ra6+ 1/2-1/2

[Event "Manitoba Closed"]
[Site "Winnipeg CAN"]
[Date "2023.08.27"]
[Round "5.4"]
[White "Wolchock, Theo"]
[Black "Zashev, Aleksandar"]
[Result "1-0"]
[WhiteElo "2227"]
[BlackElo "2066"]
[PlyCount "71"]
[EventDate "2023.08.25"]
[EventType "swiss"]
[EventRounds "5"]
[EventCountry "CAN"]

1. Nf3 Nf6 2. e3 g6 3. b3 Bg7 4. Bb2 O-O 5. Be2 b6 6. O-O Bb7 7. d4 d6 8. c4
Nbd7 9. Nbd2 Ne4 10. Nxe4 Bxe4 11. Nd2 Bb7 12. Bf3 Bxf3 13. Nxf3 c5 14. Qe2 b5
15. cxb5 a6 16. bxa6 Qa5 17. dxc5 Bxb2 18. Qxb2 Nxc5 19. Qd2 Qxa6 20. b4 Na4
21. Nd4 Nb6 22. Nc6 Qb7 23. Rfc1 Ra3 24. Qd4 Rfa8 25. Nxe7+ Qxe7 26. Qxb6 Rd3
27. a4 Qf6 28. Qb7 Re8 29. Qf3 Qb2 30. Rcb1 Qc2 31. h3 Re5 32. Rc1 Qb2 33. Qf6
Rc3 34. Rcb1 Qe2 35. Qxd6 Rc2 36. Qb8+ 1-0

[Event "Manitoba Closed"]
[Site "Winnipeg CAN"]
[Date "2023.08.27"]
[Round "5.5"]
[White "Vaughan, Nathan"]
[Black "Currie, James"]
[Result "1-0"]
[WhiteElo "1963"]
[BlackElo "1914"]
[PlyCount "119"]
[EventDate "2023.08.25"]
[EventType "swiss"]
[EventRounds "5"]
[EventCountry "CAN"]

1. e4 d5 2. exd5 Nf6 3. d4 Nxd5 4. c4 Nb4 5. a3 N4a6 6. Nf3 g6 7. Be2 Bg7 8. h3
O-O 9. O-O Nd7 10. Nc3 c6 11. Be3 Nc7 12. Qd2 Re8 13. Rad1 a6 14. Bh6 Bh8 15.
h4 Nf6 16. Ne5 Bf5 17. g4 Be6 18. h5 Nd7 19. Qe3 f6 20. hxg6 hxg6 21. Nxg6 Bg7
22. Qh3 Bf7 23. Bd3 Ne6 24. Kg2 Qc7 25. Ne2 Nef8 26. Nxf8 Nxf8 27. Bxg7 Kxg7
28. Rh1 Bg8 29. Qh6+ Kf7 30. Nf4 e6 31. Nh5 Ke7 32. Qxf6+ Kd6 33. Qe5+ Kd7 34.
Nf6+ Kd8 35. Qxc7+ Kxc7 36. Nxg8 e5 37. Bf5 Ne6 38. Rh7+ Kb6 39. c5+ Ka7 40.
Bxe6 Rxe6 41. Nh6 Rd8 42. Nf5 Rg6 43. f3 e4 44. Nd6 exf3+ 45. Kxf3 Rf8+ 46. Ke3
Rxg4 47. Rxb7+ Ka8 48. Kd3 Rf2 49. Re1 Rg3+ 50. Re3 Rg8 51. Ree7 Rg3+ 52. Re3
Rg8 53. Kc3 a5 54. Kb3 a4+ 55. Kxa4 Rd2 56. Re4 Rd8 57. Rb6 Rc8 58. b4 Rd3 59.
Re7 Rc7 60. Ra6+ 1-0

[Event "Manitoba Closed"]
[Site "Winnipeg CAN"]
[Date "2023.08.27"]
[Round "5.6"]
[White "Babb, Jeff"]
[Black "Atem, James"]
[Result "1/2-1/2"]
[WhiteElo "2129"]
[BlackElo "1776"]
[PlyCount "103"]
[EventDate "2023.08.25"]
[EventType "swiss"]
[EventRounds "5"]
[EventCountry "CAN"]

1. f4 d5 2. Nf3 Nc6 3. d4 Bg4 4. e3 Nf6 5. c4 e6 6. Nc3 Bb4 7. Bd2 Ne4 8. Be2
Bxc3 9. Bxc3 Bxf3 10. Bxf3 Qh4+ 11. g3 Nxc3 12. bxc3 Qd8 13. cxd5 exd5 14. Qb3
Ne7 15. Qxb7 O-O 16. Rb1 Qd6 17. Kf2 g6 18. Qb4 Qe6 19. g4 Rfe8 20. Rhe1 Rab8
21. Qa4 a6 22. Rb3 Kg7 23. Qa3 h5 24. h3 Rh8 25. Rxb8 Rxb8 26. e4 Qf6 27. Qc1
hxg4 28. hxg4 Qh4+ 29. Kg2 dxe4 30. Rxe4 Rh8 31. Qg1 f5 32. Rxe7+ Qxe7 33. gxf5
gxf5 34. Kf2+ Kf8 35. Qg5 Qxg5 36. fxg5 Rg8 37. Ke3 Kg7 38. Kf4 Kg6 39. Be2 a5
40. Bd3 Kh5 41. Bxf5 Rxg5 42. a4 Kh6 43. c4 Rg1 44. Ke5 Kg7 45. d5 Re1+ 46. Kd4
Kf6 47. Bd7 Ke7 48. Bc6 Rd1+ 49. Kc5 Rf1 50. Bb5 Rf6 51. Bc6 Rf4 52. Bb5
1/2-1/2

[Event "Manitoba-ch U20"]
[Site "Winnipeg CAN"]
[Date "2023.12.09"]
[Round "1.1"]
[White "Parboosingh, Harrison"]
[Black "Vaughan, Nathan"]
[Result "1/2-1/2"]
[WhiteElo "1534"]
[BlackElo "1911"]
[PlyCount "107"]
[EventDate "2023.12.09"]
[EventType "swiss"]
[EventRounds "4"]
[EventCountry "CAN"]

1. e4 e5 2. Nc3 Nf6 3. f4 d5 4. fxe5 Nxe4 5. Qf3 Nc6 6. Bb5 Nxc3 7. dxc3 Qh4+
8. g3 Qe4+ 9. Qxe4 dxe4 10. Bf4 Bd7 11. O-O-O O-O-O 12. Bxc6 Bxc6 13. Rxd8+
Kxd8 14. Nh3 h6 15. Re1 g5 16. Be3 Bg7 17. Bd4 Re8 18. e6 f6 19. Nf2 Rxe6 20.
Ng4 b6 21. Ne3 Bb7 22. Nf5 Bf8 23. h4 c5 24. hxg5 hxg5 25. Be3 Re5 26. g4 Bc8
27. Rf1 Ke8 28. a3 Kf7 29. Rd1 a5 30. Nd6+ Bxd6 31. Rxd6 Re6 32. Rd8 Rc6 33. b4
axb4 34. cxb4 cxb4 35. axb4 Bxg4 36. Rb8 Ke6 37. b5 Rd6 38. Bxb6 f5 39. Bc7
Rd1+ 40. Kb2 e3 41. Ba5 f4 42. b6 Bf3 43. c4 Rd7 44. c5 Bb7 45. Rxb7 Rxb7 46.
c6 Rxb6+ 47. Bxb6 e2 48. Bf2 g4 49. Kc2 g3 50. Kd2 gxf2 51. Kxe2 f1=Q+ 52. Kxf1
Kd6 53. Kf2 Kxc6 54. Kf3 1/2-1/2

[Event "Manitoba-ch U20"]
[Site "Winnipeg CAN"]
[Date "2023.12.09"]
[Round "1.2"]
[White "Ling, Aiden"]
[Black "Stordeur, Jackson"]
[Result "0-1"]
[WhiteElo "1510"]
[BlackElo "1791"]
[PlyCount "56"]
[EventDate "2023.12.09"]
[EventType "swiss"]
[EventRounds "4"]
[EventCountry "CAN"]

1. e4 c5 2. Nc3 Nc6 3. g3 g6 4. Bg2 Bg7 5. d3 d6 6. Be3 Nf6 7. Qd2 Ng4 8. Nge2
Nxe3 9. fxe3 O-O 10. O-O Rb8 11. a4 Bd7 12. Rab1 Qa5 13. Rfd1 Bh6 14. Nf4 e6
15. Nb5 Qxa4 16. Nxd6 Bg7 17. Ra1 Qb4 18. Qxb4 Nxb4 19. Rxa7 Nxc2 20. Nxb7 Nxe3
21. Re1 Bd4 22. Kh1 c4 23. dxc4 Bxa7 24. Nd6 Rxb2 25. Bf3 Bc6 26. Kg1 Ng4+ 27.
c5 Bxc5+ 28. Kf1 Nxh2# 0-1

[Event "Manitoba-ch U20"]
[Site "Winnipeg CAN"]
[Date "2023.12.09"]
[Round "1.3"]
[White "Zhou, Joe"]
[Black "Bilugan, Mason"]
[Result "1-0"]
[WhiteElo "1701"]
[BlackElo "1480"]
[PlyCount "77"]
[EventDate "2023.12.09"]
[EventType "swiss"]
[EventRounds "4"]
[EventCountry "CAN"]

1. Nf3 c5 2. c4 Nc6 3. d4 cxd4 4. Nxd4 e5 5. Nb5 d6 6. N1c3 a6 7. Na3 Nf6 8. g3
Be6 9. Bg2 Be7 10. Be3 O-O 11. O-O Ng4 12. Nc2 Bxc4 13. Bd5 Bxd5 14. Nxd5 Nf6
15. Bb6 Qd7 16. Nce3 Bd8 17. Qb3 a5 18. Bxd8 Raxd8 19. Rfd1 Nd4 20. Nxf6+ gxf6
21. Qd3 Rc8 22. Nd5 Qe6 23. e3 Qxd5 24. exd4 Rc6 25. Qd2 e4 26. Qf4 Rc2 27.
Qxf6 Rxb2 28. a3 Re8 29. Rab1 Rxb1 30. Rxb1 Rb8 31. a4 b6 32. Rb5 Qe6 33. Rg5+
Kf8 34. Qh8+ Ke7 35. Qxb8 e3 36. Qc7+ Kf6 37. Qd8+ Qe7 38. Qxe7+ Kxe7 39. fxe3
1-0

[Event "Manitoba-ch U20"]
[Site "Winnipeg CAN"]
[Date "2023.12.09"]
[Round "2.1"]
[White "Stordeur, Jackson"]
[Black "Aiello, Mick"]
[Result "1-0"]
[WhiteElo "1791"]
[BlackElo "1616"]
[PlyCount "81"]
[EventDate "2023.12.09"]
[EventType "swiss"]
[EventRounds "4"]
[EventCountry "CAN"]

1. e4 c5 2. Nf3 d6 3. d4 cxd4 4. Nxd4 Nf6 5. Nc3 a6 6. Be2 e5 7. Nb3 Be7 8. O-O
O-O 9. Be3 Nc6 10. a4 Be6 11. Qd2 d5 12. exd5 Nxd5 13. Nxd5 Bxd5 14. Nc5 Bxc5
15. Bxc5 Re8 16. Rad1 Be4 17. Qe3 Qa5 18. b4 Nxb4 19. Bb6 Qxa4 20. Qxe4 Qxc2
21. Qxc2 Nxc2 22. Rd7 Nd4 23. Bc4 Ne6 24. Rxb7 a5 25. Rd1 Rab8 26. Rxb8 Rxb8
27. Bxe6 fxe6 28. Rd8+ Rxd8 29. Bxd8 a4 30. Be7 Kf7 31. Ba3 Kf6 32. Kf1 Kf5 33.
Ke2 Ke4 34. f3+ Kd4 35. Bb2+ Kd5 36. Ke3 g6 37. Kd3 h5 38. h4 e4+ 39. fxe4+ Kc5
40. Ke3 Kc4 41. Kf4 1-0

[Event "Manitoba-ch U20"]
[Site "Winnipeg CAN"]
[Date "2023.12.09"]
[Round "2.3"]
[White "Abdildin, Amangeldi"]
[Black "Repaka, Prabhav"]
[Result "0-1"]
[WhiteElo "1691"]
[BlackElo "1533"]
[PlyCount "52"]
[EventDate "2023.12.09"]
[EventType "swiss"]
[EventRounds "4"]
[EventCountry "CAN"]

1. d4 d5 2. Bf4 Nf6 3. Nf3 c6 4. e3 e6 5. c4 Bd6 6. Bg3 dxc4 7. Bxc4 Qc7 8. Nc3
Nbd7 9. O-O O-O 10. Rc1 Nb6 11. Bxe6 Bxg3 12. Bxf7+ Qxf7 13. hxg3 Bg4 14. Qc2
Bxf3 15. gxf3 Nfd5 16. Ne4 Qxf3 17. Nc5 h5 18. Ne6 Nxe3 19. fxe3 Qxe3+ 20. Kg2
Qxe6 21. Rce1 Qd5+ 22. Kh2 Qxd4 23. Qg6 Rf2+ 24. Kh3 Qd7+ 25. Kh4 Rh2+ 26. Kg5
Qg4# 0-1

[Event "Manitoba-ch U20"]
[Site "Winnipeg CAN"]
[Date "2023.12.09"]
[Round "2.4"]
[White "Vaughan, Nathan"]
[Black "Buzhor, Danil"]
[Result "1-0"]
[WhiteElo "1911"]
[BlackElo "1662"]
[PlyCount "101"]
[EventDate "2023.12.09"]
[EventType "swiss"]
[EventRounds "4"]
[EventCountry "CAN"]

1. e4 c6 2. d4 d5 3. exd5 cxd5 4. c4 Nf6 5. Nc3 Nc6 6. Nf3 Bg4 7. cxd5 Nxd5 8.
Qb3 Bxf3 9. gxf3 e6 10. Qxb7 Nxd4 11. Bb5+ Nxb5 12. Qc6+ Ke7 13. Qxb5 Nxc3 14.
Qc5+ Ke8 15. Qc6+ Ke7 16. bxc3 f6 17. Qb7+ Ke8 18. Be3 Qc8 19. Qxc8+ Rxc8 20.
Bxa7 Rxc3 21. Be3 Bd6 22. a4 Ke7 23. O-O Bc5 24. Bxc5+ Rxc5 25. Rfb1 Ra8 26.
Rb7+ Kf8 27. Rd1 Kg8 28. Rdd7 Rg5+ 29. Kf1 h5 30. h4 Rg6 31. Ra7 Rxa7 32. Rxa7
f5 33. Ra6 Rf6 34. a5 Rf8 35. Rxe6 Ra8 36. Re5 g6 37. f4 Kf7 38. Ke2 Rb8 39.
Kf3 Rb3+ 40. Re3 Rb7 41. a6 Ra7 42. Ra3 Ke6 43. Ra5 Kd6 44. Ke3 Kc7 45. Kd4 Kb6
46. Ra2 Rc7 47. a7 Rxa7 48. Rxa7 Kxa7 49. Ke5 Kb6 50. Kf6 Kc6 51. Kxg6 1-0

[Event "Manitoba-ch U20"]
[Site "Winnipeg CAN"]
[Date "2023.12.09"]
[Round "2.5"]
[White "Fehr, Brody"]
[Black "Parboosingh, Harrison"]
[Result "1-0"]
[WhiteElo "1823"]
[BlackElo "1534"]
[PlyCount "58"]
[EventDate "2023.12.09"]
[EventType "swiss"]
[EventRounds "4"]
[EventCountry "CAN"]

1. d4 d5 2. Nc3 c5 3. e4 e6 4. Nf3 Nc6 5. Be3 dxe4 6. Nxe4 cxd4 7. Nxd4 Nxd4 8.
Bxd4 Ne7 9. Bxa7 Qa5+ 10. c3 Qe5 11. Qd4 Qxd4 12. Bxd4 Nf5 13. Bc5 Bxc5 14.
Nxc5 O-O 15. Bc4 b6 16. Nd3 Nh4 17. O-O Bb7 18. f3 Nf5 19. Rfe1 Rfd8 20. Rad1
Rac8 21. Bb3 Kf8 22. Ne5 Rxd1 23. Rxd1 Ke8 24. Ba4+ Kf8 25. Rd7 f6 26. Rf7+ Kg8
27. Rxb7 fxe5 28. Bd7 Rf8 29. Bxe6+ Kh8 1-0

[Event "Manitoba-ch U20"]
[Site "Winnipeg CAN"]
[Date "2023.12.10"]
[Round "3.1"]
[White "Repaka, Prabhav"]
[Black "Stordeur, Jackson"]
[Result "0-1"]
[WhiteElo "1533"]
[BlackElo "1791"]
[PlyCount "58"]
[EventDate "2023.12.09"]
[EventType "swiss"]
[EventRounds "4"]
[EventCountry "CAN"]

1. e4 c5 2. Nf3 d6 3. d4 cxd4 4. Nxd4 Nf6 5. Nc3 a6 6. Be2 e5 7. Nb3 Be7 8. O-O
O-O 9. Be3 Be6 10. f3 b5 11. Qd2 Nbd7 12. Rfd1 Qc7 13. Rac1 Rfd8 14. Nd5 Bxd5
15. exd5 Nb6 16. Bxb6 Qxb6+ 17. Kf1 Nd7 18. Na5 h6 19. Qb4 Bg5 20. Rb1 Nc5 21.
Nc6 Re8 22. c4 e4 23. cxb5 exf3 24. Bxf3 axb5 25. b3 Rxa2 26. Re1 Ne4 27. Re2
Rxe2 28. Kxe2 Nc3+ 29. Kd3 Qe3+ 0-1

[Event "Manitoba-ch U20"]
[Site "Winnipeg CAN"]
[Date "2023.12.10"]
[Round "3.3"]
[White "Zhou, Joe"]
[Black "Vaughan, Nathan"]
[Result "1/2-1/2"]
[WhiteElo "1701"]
[BlackElo "1911"]
[PlyCount "101"]
[EventDate "2023.12.09"]
[EventType "swiss"]
[EventRounds "4"]
[EventCountry "CAN"]

1. c4 Nf6 2. Nc3 c6 3. d4 d5 4. e3 g6 5. Nf3 Bg7 6. Bd3 O-O 7. O-O Nbd7 8. a3
b6 9. b4 Bb7 10. c5 a5 11. Bb2 axb4 12. axb4 Qc7 13. Ne2 e5 14. Nxe5 Nxe5 15.
dxe5 Ng4 16. h3 Nxe5 17. Qc2 bxc5 18. bxc5 Rfb8 19. Bd4 Nxd3 20. Qxd3 Bc8 21.
Rfb1 Bf8 22. Qc3 Rxb1+ 23. Rxb1 Ba6 24. Ng3 Bc4 25. e4 Qa5 26. Rb6 Qxc3 27.
Bxc3 Bxc5 28. Rxc6 Bf8 29. h4 Bg7 30. Bxg7 Kxg7 31. Kh2 Re8 32. h5 Bb3 33. Rb6
Bc4 34. Rc6 Ba2 35. Ra6 Bc4 36. Rc6 Re7 37. f3 Rd7 38. Rc5 Ba6 39. Rxd5 Rxd5
40. exd5 Kf6 41. hxg6 hxg6 42. Ne4+ Ke5 43. d6 Bc8 44. Kg3 f5 45. Nf2 g5 46.
Kh3 Kxd6 47. g4 Ke5 48. Kg3 fxg4 49. fxg4 Kd4 50. Nh3 Bxg4 51. Nxg5 1/2-1/2

[Event "Manitoba-ch U20"]
[Site "Winnipeg CAN"]
[Date "2023.12.10"]
[Round "3.4"]
[White "Zhang, Nicole"]
[Black "Abdildin, Amangeldi"]
[Result "1-0"]
[WhiteElo "1548"]
[BlackElo "1691"]
[PlyCount "83"]
[EventDate "2023.12.09"]
[EventType "swiss"]
[EventRounds "4"]
[EventCountry "CAN"]

1. e4 c5 2. Nf3 g6 3. d4 cxd4 4. Nxd4 Bg7 5. Nc3 Nf6 6. f3 d6 7. Bg5 O-O 8. Qd2
Nc6 9. Nb3 Be6 10. Bh6 Rc8 11. Bxg7 Kxg7 12. Rd1 Qa5 13. Nxa5 Nxa5 14. Nd5 Nc6
15. Nxf6 exf6 16. Be2 Rfd8 17. O-O d5 18. Qf4 d4 19. Rd2 h5 20. Rfd1 Rd7 21. a3
a6 22. b3 Rcd8 23. Qg3 Kh7 24. f4 f5 25. exf5 Bxf5 26. Bd3 Bg4 27. Re1 Ne7 28.
Qh4 Nd5 29. h3 Be6 30. Qxh5+ Kg7 31. Qe5+ Kg8 32. Bxg6 fxg6 33. Qxe6+ Kg7 34.
f5 Nf6 35. Rde2 d3 36. cxd3 Re8 37. Qxd7+ Nxd7 38. Rxe8 Nf6 39. R1e7+ Kh6 40.
Rh8+ Kg5 41. fxg6 Kxg6 42. h4 1-0

[Event "Manitoba-ch U20"]
[Site "Winnipeg CAN"]
[Date "2023.12.10"]
[Round "3.5"]
[White "Aiello, Mick"]
[Black "Bilugan, Mason"]
[Result "1-0"]
[WhiteElo "1616"]
[BlackElo "1480"]
[PlyCount "73"]
[EventDate "2023.12.09"]
[EventType "swiss"]
[EventRounds "4"]
[EventCountry "CAN"]

1. e4 c5 2. d4 cxd4 3. c3 Nf6 4. e5 Nd5 5. Qxd4 e6 6. Nf3 Nc6 7. Qe4 d6 8. exd6
Bxd6 9. g3 h6 10. Bg2 O-O 11. O-O Nf6 12. Qe2 Qc7 13. Nd4 e5 14. Nb5 Qe7 15.
Nxd6 Qxd6 16. Rd1 Qe7 17. h3 Bf5 18. Be3 Rfd8 19. Nd2 Bc2 20. Rdc1 Bd3 21. Qe1
Rd7 22. Nb3 Nd5 23. Nc5 Nxe3 24. Qxe3 Bf5 25. Nxd7 Bxd7 26. Re1 f6 27. Rad1 Be6
28. a3 Bb3 29. Bd5+ Bxd5 30. Rxd5 Qe6 31. Red1 Qxh3 32. Rd7 Rb8 33. Qe4 f5 34.
Qd5+ Kh8 35. Qf7 Qg4 36. R1d6 Qg5 37. Rg6 1-0

[Event "Manitoba-ch U20"]
[Site "Winnipeg CAN"]
[Date "2023.12.10"]
[Round "3.6"]
[White "Buzhor, Danil"]
[Black "Ling, Aiden"]
[Result "1-0"]
[WhiteElo "1662"]
[BlackElo "1510"]
[PlyCount "41"]
[EventDate "2023.12.09"]
[EventType "swiss"]
[EventRounds "4"]
[EventCountry "CAN"]

1. e4 c5 2. d4 cxd4 3. c3 dxc3 4. Nxc3 e6 5. Nf3 Nc6 6. Bc4 Nf6 7. O-O Nxe4 8.
Nxe4 d5 9. Bb5 dxe4 10. Qxd8+ Kxd8 11. Rd1+ Ke8 12. Ne5 Ke7 13. Bg5+ f6 14.
Nxc6+ bxc6 15. Bxc6 Rb8 16. Be3 Rxb2 17. Rac1 Rxa2 18. Bb5 Ra5 19. Rc7+ Bd7 20.
Rdxd7+ Ke8 21. Rc8# 1-0

[Event "Manitoba-ch U20"]
[Site "Winnipeg CAN"]
[Date "2023.12.10"]
[Round "4.2"]
[White "Vaughan, Nathan"]
[Black "Zhang, Nicole"]
[Result "1-0"]
[WhiteElo "1911"]
[BlackElo "1548"]
[PlyCount "65"]
[EventDate "2023.12.09"]
[EventType "swiss"]
[EventRounds "4"]
[EventCountry "CAN"]

1. e4 e5 2. Nf3 Nc6 3. Bb5 Nf6 4. O-O Bc5 5. c3 d6 6. d4 a6 7. Bxc6+ Bd7 8.
Bxd7+ Nxd7 9. dxc5 Nxc5 10. Re1 O-O 11. Nbd2 Qd7 12. Nf1 Rfe8 13. b4 Ne6 14.
Nxe5 Qe7 15. Nf3 Rad8 16. Ng3 Qf6 17. Qc2 h6 18. Bb2 Qg6 19. Rad1 Nf4 20. h4 d5
21. Qd2 Qd6 22. Nf5 Nh3+ 23. gxh3 Qg6+ 24. Kh2 dxe4 25. Ne7+ Rxe7 26. Qxd8+ Kh7
27. Qxe7 exf3 28. Qe4 f5 29. Qxf3 b6 30. Rg1 Qf6 31. c4 Qxb2 32. Qxf5+ Kh8 33.
Rd8# 1-0